Komuniké z rokovania opozičných parlamentných strán

Bibliographic Details
Format: Article
Language:Slovak
Subjects:

MARC

LEADER 00000nab a2200000 a 4500
001 vtls000598631
003 SK-MaSNL
005 20260303015754.0
008 160202c1996 xo 0 slo
015 |a SNBRB19rr/mm-uuuuu 
035 |a CL0598770 
040 |a SNKBUCL  |b slo  |c SNKBUCL  |e AACR2 
041 0 |a slo 
044 |a xo  |c SK 
080 |a 329.052(437.6)  |2 1981 
245 0 0 |a Komuniké z rokovania opozičných parlamentných strán 
650 0 7 |a strany politické opozičné  |2 snkbucl  |9 897206 
655 7 |a články z novín a časopisov  |2 snkbucl  |9 267496 
773 0 |t Sme  |g Roč. 4 a 49, č. 212 (11. 9. 1996), s. 4 
850 |a Slovenská národná knižnica v Martine  |a MTA001 
852 |a SNK  |b KIS3GCP 
958 |a RK 
958 |a SK 
992 |a RBX 
999 |c 1614613  |d 1616543